000
00281nam a2200109Ia 4500
008
190216s9999||||xx |||||||||||||| ||und||
100
_a
"Jha Dk, Sinha Hc, Nigam Sp&Amp; Bhatnagar"
245
0
_a
Theory Of Equations
260
_b
Ramprasad&Sons
_c
1966
300
_a
182p
942
_c
BK
999
_c
30504
_d
30504